[Event "Bayern-chI Bank Hofmann 23rd"]
[Site "Tegernsee"]
[Date "2019.10.26"]
[Round "1"]
[White "Ries, Berthold"]
[Black "Wolf, Vincent"]
[Result "1-0"]
[WhiteElo "1854"]
[BlackElo "1491"]
[PlyCount "120"]
[EventDate "2019.10.26"]
[EventType "swiss"]
[EventRounds "9"]
[EventCountry "GER"]
[SourceTitle "CBM 192 Extra"]
[Source "Chessbase"]
[SourceDate "2019.11.06"]
[SourceVersion "1"]
[SourceVersionDate "2019.11.06"]
[SourceQuality "1"]

1. e4 d6 2. d4 Nf6 3. Nc3 g6 4. f4 Bg7 5. Nf3 0-0 6. Bd3 a6 7. a4 Nc6 8. 0-0 Bg4 9. Be3 Nh5 10. Be2 e5 11. fxe5 dxe5 12. d5 Ne7 13. h3 Bd7 14. Nh2 Ng3 15. Rf3 Nxe2+ 16. Qxe2 f5 17. Bc5 b6 18. Ba3 c5 19. dxc6 Bxc6 20. Rd3 Qc7 21. Bd6 Qb7 22. Re1 fxe4 23. Nxe4 Rf4 24. Nc3 Nd5 25. Nxd5 Bxd5 26. Bxe5 Re4 27. Re3 Bxe5 28. Rxe4 Bxe4 29. Qxe4 Qxe4 30. Rxe4 Bxb2 31. Rb4 Ba3 32. Rc4 Bc5+ 33. Kf1 Rf8+ 34. Nf3 Re8 35. a5 Ra8 36. Ne5 Rf8+ 37. Nf3 Rb8 38. Ke2 Ba3 39. Ra4 Bf8 40. c4 Bc5 41. axb6 Rxb6 42. Kd3 Rb2 43. Ke4 Rxg2 44. Rxa6 Rg3 45. h4 Rg4+ 46. Kd5 Bf2 47. c5 Rf4 48. c6 Rf8 49. c7 Bg3 50. Ne5 Re8 51. Re6 Ra8 52. Rc6 Rc8 53. Ke6 Bxe5 54. Kxe5 Kg7 55. Kd6 Kh6 56. Rc5 Rf8 57. c8Q Rxc8 58. Rxc8 Kh5 59. Rc4 h6 60. Ke5 g5 1-0